000 00492nam a22001457a 4500
008 230622b |||||||| |||| 00| 0 eng d
020 _a9781785611704
050 _aTK 3271 .B75 2019
245 _aRequirements for electrical installations/
250 _a8th ed
260 _aLondon:
_bInstitute of engineering and technology,
_c2019.
300 _a534p.:
_bill.;
_c30cm.
504 _aIncludes bibliographical references and index.
942 _2lcc
_cBOOKS
_hTK 3271 .B75 2019
999 _c31623
_d31623